|
|
|
|
| LEADER |
02395nam a2200625 i 4500 |
| 001 |
nkc20172940805 |
| 003 |
CZ PrNK |
| 005 |
20180329093849.0 |
| 007 |
ta |
| 008 |
171011s2017 xr ach f 001 0dcze |
| 015 |
|
|
|a cnb002940805
|
| 020 |
|
|
|a 978-80-210-8777-4
|q (brožováno)
|
| 035 |
|
|
|a (OCoLC)1031055801
|
| 040 |
|
|
|a ABA001
|b cze
|d BOA001
|e rda
|
| 041 |
0 |
|
|a cze
|b eng
|
| 043 |
|
|
|a e-xr---
|
| 045 |
|
|
|a x4x7
|
| 072 |
|
7 |
|a 792
|x Divadlo. Divadelní představení
|2 Konspekt
|9 3
|
| 080 |
|
|
|a 792.075
|2 MRF
|
| 080 |
|
|
|a 792.05
|2 MRF
|
| 080 |
|
|
|a 792.2/.8
|2 MRF
|
| 080 |
|
|
|a (437.3)
|2 MRF
|
| 080 |
|
|
|a (048.8)
|2 MRF
|
| 100 |
1 |
|
|a Mikulová, Iva,
|d 1984-
|7 mzk2011645580
|4 aut
|
| 245 |
1 |
0 |
|a Divadelní režisér Karel Novák (1916-1968) /
|c Iva Mikulová
|
| 246 |
3 |
0 |
|a Karel Novák (1916-1968)
|
| 250 |
|
|
|a Vydání první
|
| 264 |
|
1 |
|a Brno :
|b Masarykova univerzita,
|c 2017
|
| 300 |
|
|
|a 314 stran :
|b ilustrace, portréty, faksimile ;
|c 22 cm
|
| 336 |
|
|
|a text
|b txt
|2 rdacontent
|
| 337 |
|
|
|a bez média
|b n
|2 rdamedia
|
| 338 |
|
|
|a svazek
|b nc
|2 rdacarrier
|
| 490 |
1 |
|
|a Spisy Filozofické fakulty Masarykovy univerzity =
|a Opera Facultatis philosophicae Universitatis Masarykianae,
|x 1211-3034 ;
|v 471
|
| 500 |
|
|
|a 300 výtisků
|
| 504 |
|
|
|a Obsahuje bibliografie, bibliografické odkazy a rejstřík
|
| 546 |
|
|
|a Anglické resumé
|
| 600 |
1 |
7 |
|a Novák, Karel,
|d 1916-1968
|7 jk01090468
|2 czenas
|
| 648 |
|
4 |
|a 1941-1970
|
| 648 |
|
4 |
|a 1916-1968
|
| 648 |
|
7 |
|a 20. století
|7 ch460558
|2 czenas
|
| 650 |
0 |
7 |
|a divadelní režiséři
|7 ph119507
|z Česko
|y 20. století
|2 czenas
|
| 650 |
0 |
7 |
|a divadla
|7 ph119512
|z Česko
|y 20. století
|2 czenas
|
| 650 |
0 |
7 |
|a divadelní inscenace
|7 ph114330
|z Česko
|y 1941-1970
|2 czenas
|
| 650 |
0 |
9 |
|a theatrical directors
|z Czechia
|y 20th century
|2 eczenas
|
| 650 |
0 |
9 |
|a theaters
|z Czechia
|y 20th century
|2 eczenas
|
| 650 |
0 |
9 |
|a theatrical productions
|z Czechia
|y 1941-1970
|2 eczenas
|
| 655 |
|
7 |
|a monografie
|7 fd132842
|2 czenas
|
| 655 |
|
9 |
|a monographs
|2 eczenas
|
| 810 |
2 |
|
|a Masarykova univerzita.
|b Filozofická fakulta.
|t Spisy
|0 s
|
| 910 |
2 |
|
|a BOA001
|b 2-1402.935
|
| 990 |
|
|
|a BK
|
| 995 |
|
|
|a 01
|
| 991 |
|
|
|b 201802
|c NOV
|
| 996 |
6 |
|
|b 2610732998
|c 2-1402.935
|l MZK
|r Sklad / do 1 hodiny
|n 1
|p p.v.
|w 001650387
|u 000010
|a 1
|e BOA001
|j MZK50
|s P
|
| 996 |
7 |
|
|b 2610732999
|c 2-1402.935
|l MZK
|r Sklad / do 1 hodiny
|n 6
|p p.v.
|w 001650387
|u 000020
|a 1
|e BOA001
|j MZK50
|s A
|